Architectural Record : October 2007, vol. 195, no. 10 /

Salvato in:
Dettagli Bibliografici
Altri autori: Ivy, Robert A. (edición) (edición)
Natura: Libro
Lingua:inglese
Pubblicazione: Nueva York, EUA : McGraw-Hill, 2007, c2007
Tags: Aggiungi Tag
Nessun Tag, puoi essere il primo ad aggiungerne!!

MARC

LEADER 00000nam^a2200000^a^4500
001 000587704
005 20250526000000.0
009 20260526153516.855
022 |a 0003-858X 
037 |a Acervo ITESO - Biblioteca 
041 |a ING 
091 |a FCO. 02634 
240 1 1 |a [Architectural Record] 
245 0 0 |a Architectural Record :  |b October 2007, vol. 195, no. 10 / 
264 4 |a Nueva York, EUA :  |b McGraw-Hill,  |c 2007, c2007 
300 |a 256 p. ;  |c 27.5 cm. 
336 |a texto  |b txt  |2 rdacontenido 
337 |a sin mediación  |b n  |2 rdamedio 
338 |a volumen  |b nc  |2 rdasoporte 
649 |a XX 
700 |a Ivy, Robert A.  |e (edición) 
910 |a Fondo Erich Coufal Kieswetter 
920 |a Impresos - Libros 
930 |a Libros Antiguos y Raros 
905 |a 142 
901 |a 0500337204  |b IT2  |c LRA  |i D  |u 20250526 
902 |a https://opac.biblio.iteso.mx/vufind/Record/000587704